Harry Potter Questions Quiz Stats

 Plays Quiz not verified by Sporcle

Challenge
Share
Tweet
Embed
Score 0/22 Timer 10:00
0 Plays Today
Hint Answer % Correct
Who did Nagini kill in the last movieSeverus Snape
87.9%
Who is the half blood princeSeverus Snape
87.9%
Who is the leader of SlytherinSeverus Snape
87.9%
What is Neville's last nameLongbottom
77.1%
Who did Ron marryHermione
72.9%
Who is Harry's godfatherSirius Black
72.1%
Who did Harry marryGinny Weasley
71.4%
Which house elf diedDobby
70.7%
Who saves Harry and his friends from the dungeonDobby
70.7%
Who murdered Harry's parentsVoldemort
69.3%
Who slayed NaginiNeville
68.6%
Hint Answer % Correct
Who is Harry's friend with long blond hairLuna
65%
Where did Harry have a face off with Voldemort without his friendsThe Forbidden Forest
55%
Who was the first kid to side with VoldemortDraco Malfoy
50%
When Hermione finishs talking to Voldemorts slave what does the engraving on her arm sayMudblood
43.6%
Who or what was the old woman that Harry and Hermione came acrossNagini
41.4%
How many Harry Potter movies are there 8
25.7%
Who are Harry's 2 friendsHermione Granger and Ron Weasley
25%
How did Cedric dieHe was murdered
5.7%
Where did Harry find the sword of GryffyndoreAt the bottom of a lake
2.1%
How did Hogwarts get destroyedVoldemort and his army
1.4%
What are the name of all the hogwarts roomsGryffyndore, Slytherin, Hufflepuff, Ravenclaw
0.7%

You're not logged in!

Compare scores with friends on all Sporcle quizzes.
OR
Log In

You Might Also Like...

Show Comments

Extras

Created Mar 16, 2016ReportNominate
Tags:Harry Potter Quiz

Top Quizzes Today


Score Distribution

Your Account Isn't Verified!

In order to create a playlist on Sporcle, you need to verify the email address you used during registration. Go to your Sporcle Settings to finish the process.

Report this User

Report this user for behavior that violates our Community Guidelines.

Details: